00999 2200205 4500001002100000005001500021035002000036008004100056245003200097100002100129250000600150260003800156300001200194084001400206082000800220650001000228520053100238990001200769990001200781INLIS00000000000133020240520103951 a0010-0524000565240520 1 ind 1 aRoda Rea /cAnjar Anastasia aAnastasia, Anjar a1 aYogyakarta :bSheila/ Andi,c2013 a262 hlm a813 ANJ r a813 4aFiksi aAnjar adalah sahabat sekaligus teman 'seperjuangan' saya waktu kami sama2 memulai karir sebagai penulis cerpen, hampir 20 tahun yg lalu. Bedanya, dia tetap fokus dan konsisten menulis cerita fiksi, baik cerpen maupun novel, sehingga sampai saat ini sudah berhasil menelurkan beberapa buku, sementara saya tidak. Selamat untuk terbitnya kumpulan cerpen terbaru berjudul 'Roda Rea'. Salut untuk konsistensi dan semua pencapaian Anjar. Saya bangga pernah berjuang Bersama Caesilia Intan Pratiwi, owner & founder majalah GitarPlus a0741502 a0741503